| 000 | 00777cam a2200241 a 4500 | ||
|---|---|---|---|
| 001 | 15743738 | ||
| 003 | OSt | ||
| 005 | 20150408113958.0 | ||
| 008 | 111214s2009 enk b 001 0 eng | ||
| 010 | _a 2009928981 | ||
| 020 | _a9780199572601 | ||
| 040 |
_aDLC _cMU |
||
| 082 |
_221 _a809.9162 _bH P S |
||
| 100 | 1 |
_aHammond, Paul, _d1953- _98265 |
|
| 245 | 1 | 4 |
_aThe strangeness of tragedy / _cPaul Hammond. |
| 260 |
_aNew York : _bOxford University Press, _c2009. |
||
| 300 |
_ax, 203 p. ; _c23 cm. |
||
| 504 | _aIncludes bibliographical references and index. | ||
| 650 | 0 |
_aTragedy _xHistory and criticism. _93921 |
|
| 906 |
_a7 _bcbc _corignew _d2 _eepcn _f20 _gy-gencatlg |
||
| 942 |
_2ddc _cDVD |
||
| 999 |
_c19745 _d254245 |
||